Civil Engineering (Record no. 544936)

000 -LEADER
fixed length control field 00399nam a22001337a 4500
082 ## - DEWEY DECIMAL CLASSIFICATION NUMBER
Classification number 620
Author Mark RED
-- N-01, P-89
100 ## - MAIN ENTRY--PERSONAL NAME
Personal name Reddy, Dr P. Jaya Rami
9 (RLIN) 40685
245 ## - TITLE STATEMENT
Title Civil Engineering
Statement of responsibility, etc. Reddy, Dr P. Jaya Rami
260 ## - PUBLICATION, DISTRIBUTION, ETC.
Place of publication, distribution, etc. New Delhi
Name of publisher, distributor, etc. Laxmi Publications Pvt Ltd
Date of publication, distribution, etc. 1979
300 ## - PHYSICAL DESCRIPTION
Extent 747 p. :
Other physical details ill, ;
Dimensions 20 cm.
526 ## - STUDY PROGRAM INFORMATION NOTE
Program name 0
Interest level 0
Reading level 0
Title point value 620_000000000000000_RED
650 ## - SUBJECT ADDED ENTRY--TOPICAL TERM
Topical term or geographic name entry element NUST
9 (RLIN) 6342
942 ## - ADDED ENTRY ELEMENTS (KOHA)
Source of classification or shelving scheme
Koha item type Book
Holdings
Withdrawn status Lost status Source of classification or shelving scheme Damaged status Not for loan Permanent Location Current Location Date acquired Total Checkouts Full call number Barcode Date last seen Price effective from Koha item type
          Military College of Engineering (MCE) Military College of Engineering (MCE) 05/14/2014   620 RED MCE-36435 05/14/2014 05/14/2014 Book
© 2023 Central Library, National University of Sciences and Technology. All Rights Reserved.